000 00665nam#a22002415ar4500
001 280
008 060522s1995####ag#be##g||||||000#0|spa|d
245 1 0 _aEstudio para el desarrollo del puerto de Rosario.
250 _a1ª ed.
260 _aRosario :
_bFundación Banco Municipal de Rosario,
_c1995.
300 _bfot. ; cuad. +
_emapas y planos/ ;
_c26 cm.
110 2 _aFundación Banco Municipal de Rosario.
080 _a627.093(821.6)
084 _aR84m
653 _aFluvial
653 _aReseña histórica
653 _aDesarrollo
653 _aGeografía
040 _aAR-ClEAG
_cAR-ClEAG
005 20241107184630.0
003 AR-ClEAG
942 _cBK
999 _c280
_d280
980 _62
_aEvangelina Gallicchio
_82
_gEvangelina Gallicchio